La dignidad del embrión humano : (Registro nro. 66657)
[ vista simple ]
| 000 -LEADER | |
|---|---|
| fixed length control field | 00984cam a2200289 i 4500 |
| 001 - CONTROL NUMBER | |
| control field | 66657 |
| 003 - CONTROL NUMBER IDENTIFIER | |
| control field | Mx-PuUPA |
| 005 - DATE AND TIME OF LATEST TRANSACTION | |
| control field | 20240313092118.0 |
| 008 - FIXED-LENGTH DATA ELEMENTS--GENERAL INFORMATION | |
| fixed length control field | 170202s2016 mx r 000 0 spa d |
| 020 ## - INTERNATIONAL STANDARD BOOK NUMBER | |
| International Standard Book Number | 9786078093724 |
| 040 ## - CATALOGING SOURCE | |
| Original cataloging agency | Mx-PuUPA |
| Language of cataloging | spa |
| Transcribing agency | Mx-PuUPA |
| Modifying agency | Mx-PuUPA |
| Description conventions | rda |
| 041 0# - LANGUAGE CODE | |
| Language code of text/sound track or separate title | spa |
| 043 ## - GEOGRAPHIC AREA CODE | |
| Source of local code | mx-mxbn |
| Local GAC code | n-mx-pu |
| 100 1# - MAIN ENTRY--PERSONAL NAME | |
| Personal name | Ramos Rosete, Carlos, |
| Relator term | autor |
| 9 (RLIN) | 6946 |
| 245 13 - TITLE STATEMENT | |
| Title | La dignidad del embrión humano : |
| Remainder of title | una polémica relacionada con su carácter personal / |
| Statement of responsibility, etc. | Carlos Ramos Rosete |
| 250 ## - EDITION STATEMENT | |
| Edition statement | Primera edición |
| 264 #1 - PRODUCTION, PUBLICATION, DISTRIBUTION, MANUFACTURE, AND COPYRIGHT NOTICE | |
| Place of production, publication, distribution, manufacture | Puebla, México : |
| Name of producer, publisher, distributor, manufacturer | Universidad Popular Autónoma del Estado de Puebla, |
| Date of production, publication, distribution, manufacture, or copyright notice | 2016 |
| 300 ## - PHYSICAL DESCRIPTION | |
| Extent | 95 páginas ; |
| Dimensions | 21 cm |
| 336 ## - CONTENT TYPE | |
| Content type term | texto |
| Fuente | rdacontent |
| Content type code | txt |
| 337 ## - MEDIA TYPE | |
| Media type term | sin medio |
| Source | rdamedia |
| Media type code | n |
| 338 ## - CARRIER TYPE | |
| Carrier type term | volumen |
| Source | rdacarrier |
| Carrier type code | nc |
| 650 #7 - SUBJECT ADDED ENTRY--TOPICAL TERM | |
| Topical term or geographic name entry element | Embriología humana |
| General subdivision | Aspectos éticos |
| Source of heading or term | armarc |
| 650 #7 - SUBJECT ADDED ENTRY--TOPICAL TERM | |
| Topical term or geographic name entry element | Eugenesia |
| Source of heading or term | armarc |
| 942 ## - ADDED ENTRY ELEMENTS (KOHA) | |
| Source of classification or shelving scheme | Dewey Decimal Classification |
| Koha item type | Libro |
| Classification part | 176.2 |
| Item part | R165 |
| Withdrawn status | Lost status | Source of classification or shelving scheme | Damaged status | Not for loan | Collection code | Home library | Current library | Shelving location | Date acquired | Source of acquisition | Total Checkouts | Full call number | Barcode | Date last seen | Price effective from | Koha item type | Date last checked out | Copy number |
|---|---|---|---|---|---|---|---|---|---|---|---|---|---|---|---|---|---|---|
| Dewey Decimal Classification | General | Angelópolis | Angelópolis | Sala general | 14/03/2024 | 176.2 R165 2016 | 965000000263 | 14/03/2024 | 14/03/2024 | Libro | ||||||||
| Dewey Decimal Classification | General | Atlixco | Atlixco | Sala general | 14/03/2024 | 176.2 R165 2016 | 962000000057 | 14/03/2024 | 14/03/2024 | Libro | ||||||||
| Dewey Decimal Classification | Consulta en sala | UPAEP | Biblioteca Karol Wojtyla | Biblioteca Karol Wojtyla | Sala "Colecciones Especiales" | 02/02/2017 | Compra | 176.2 R165 2016 | 96997 | 05/01/2026 | 07/02/2017 | Libro | ||||||
| Dewey Decimal Classification | General | Biblioteca Karol Wojtyla | Biblioteca Karol Wojtyla | Sala general | 07/02/2017 | Compra | 4 | 176.2 R165 2016 | 96998 | 05/01/2026 | 07/02/2017 | Libro | 15/10/2019 | Ej.3 | ||||
| Dewey Decimal Classification | General | Biblioteca Karol Wojtyla | Biblioteca Karol Wojtyla | Sala general | 07/02/2017 | Compra | 3 | 176.2 R165 2016 | 96999 | 05/01/2026 | 07/02/2017 | Libro | 02/09/2022 | Ej.2 | ||||
| Dewey Decimal Classification | General | Cholula | Cholula | Sala general | 03/04/2024 | 176.2 R165 2016 | 964000000084 | 03/04/2024 | 03/04/2024 | Libro | ||||||||
| Dewey Decimal Classification | General | Huamantla | Huamantla | Sala general | 03/04/2024 | 176.2 R165 2016 | 967000000061 | 03/04/2024 | 03/04/2024 | Libro | ||||||||
| Dewey Decimal Classification | General | Lomas de Angelópolis | Lomas de Angelópolis | Sala general | 14/03/2024 | 176.2 R165 2016 | 216400000140 | 14/03/2024 | 14/03/2024 | Libro | ||||||||
| Dewey Decimal Classification | General | Preparatoria Sur | Preparatoria Sur | Sala general | 14/03/2024 | 176.2 R165 2016 | 961000000082 | 14/03/2024 | 14/03/2024 | Libro | ||||||||
| Dewey Decimal Classification | General | San Martín | San Martín | Sala general | 14/03/2024 | 176.2 R165 2016 | 963000000057 | 14/03/2024 | 14/03/2024 | Libro | ||||||||
| Dewey Decimal Classification | General | Santa Ana | Santa Ana | Sala general | 03/04/2024 | 176.2 R165 2016 | 966000000061 | 03/04/2024 | 03/04/2024 | Libro | ||||||||
| Dewey Decimal Classification | General | Santiago | Santiago | Sala general | 14/03/2024 | 176.2 R165 2016 | 960000000122 | 14/03/2024 | 14/03/2024 | Libro | ||||||||
| Dewey Decimal Classification | General | Tehuacán | Tehuacán | Sala general | 03/04/2024 | 176.2 R165 2016 | 968000002223 | 08/01/2025 | 03/04/2024 | Libro |